| 000 | 01012cam a22002891a 4500 | ||
|---|---|---|---|
| 001 | 29236 | ||
| 003 | BD-RjUL | ||
| 005 | 20211209051404.0 | ||
| 008 | 140402s1949 nyu 001 0 eng | ||
| 035 | _a(BD-RjUL)29321 | ||
| 035 | _a(OCoLC)1098786 | ||
| 040 |
_aDLC _cOClU _dOCoLC _dNjPoR _dMWMU _dDLC _dBD-RjUL _beng |
||
| 041 | 1 |
_aeng _hger |
|
| 082 |
_a131.3462 _bFRN 1949 |
||
| 100 | 1 |
_aFreud, Sigmund, _d1856-1939. _989253 |
|
| 245 | 1 | 0 |
_aNew introductory lectures on psycho-analysis / _cby Sigmund Freud ; translated by W.J.H. Sprott. |
| 260 |
_aNew York : _bW.W. Norton, _cc1949.. |
||
| 300 |
_a240 p. ; _c22 cm. |
||
| 500 | _aTranslation of: Neue Folge der Vorlesungen zur Einführung in die Psychoanalyse. | ||
| 500 | _aIncludes index. | ||
| 650 | 0 |
_aPsychoanalysis. _989254 |
|
| 700 | 1 |
_aSprott, W. J. H. _q(Walter John Herbert), _d1897-1971. _988921 |
|
| 942 |
_2ddc _cBK |
||
| 999 |
_c29236 _d29236 |
||